000
00303 a2200133 4500
000
nam a22 7a 4500
100
_a
Singh, Savindra
110
_a
Singh, Savindra
245
_a
Fundamentals of Hydrology
250
_a
Latest edition
260
_b
Pravalika
264
_b
Pravalika
942
_c
BK
999
_c
396829
_d
396829